Största städerna på L i Asien, enligt bild - Statistics

General Stats
  • This quiz has been taken 2 times
  • The average score is 6 of 20
Answer Stats
Picture Hint Answer % Correct
🇵🇰 11 120 000 Lahore
100%
🇨🇳 3 010 000 Lánzhōu
100%
🇨🇳 1 020 000 Liáochéng
50%
🇨🇳 760 000 Liáoyáng
50%
🇨🇳 700 000 Línfén
50%
🇮🇳 2 900 000 Lucknow
50%
🇮🇳 1 620 000 Ludhiāṇā
50%
🇨🇳 2 230 000 Luòyáng
50%
🇨🇳 1 130 000 Lúzhōu
50%
🇨🇳 760 000 Láiwú
0%
🇨🇳 890 000 Lángfāng
0%
🇨🇳 800 000 Lèshān
0%
🇨🇳 1 070 000 Liányúngǎng
0%
🇨🇳 2 740 000 Línyí
0%
🇨🇳 610 000 Liùpánshuǐ
0%
🇨🇳 890 000 Liúyáng
0%
🇨🇳 2 200 000 Liǔzhōu
0%
🇨🇳 720 000 Lóngyán
0%
🇨🇳 1 070 000 Lùān
0%
🇨🇳 810 000 Luòhé
0%
No matching quizzes found
Score Distribution
Percent of People with Each Score
Percentile by Number Answered
Your Score History
You have not taken this quiz